Vývoj podnikateľského prostredia v období globálnej ekonomickej krízy bakalárska práca

Na minha lista:
Detalhes bibliográficos
Autor principal: Šišková, Veronika, 1992-
Autor Corporativo: Národohospodárska fakulta EU. Katedra financií
Outros Autores: Bašová, Alena, 1961-
Formato: Livro
Idioma:eslovaco
Publicado em: Bratislava 2017
Tags: Adicionar Tag
Sem tags, seja o primeiro a adicionar uma tag!

MARC

LEADER 00000nbm a2200000 4500
001 0233844
005 20240627095616.0
041 0 |a slo 
044 |a SK 
245 1 0 |a Vývoj podnikateľského prostredia v období globálnej ekonomickej krízy  |b bakalárska práca  |c Veronika Šišková ; školiteľ: Alena Bašová 
264 1 |a Bratislava  |c 2017 
300 |a 58 s. 
100 1 |a Šišková, Veronika, 1992- 
700 1 |a Bašová, Alena, 1961- 
710 2 |a Národohospodárska fakulta EU. Katedra financií